000 00455nam a22001817a 4500
003 koha_MIRAKIL
005 20231213095659.0
008 231213b |||||||| |||| 00| 0 ||| d
020 _b978-0-435-90386-2
040 _aTR-IsEVY
_btur
_cTR-IsEVY
082 _a420 MED/T
100 _aMEDEARIS, ANGELA SHELF.
245 4 _aTHE CAT AND THE MONKEY'S TAIL.
260 _bHeinemann,
_c2005
300 _a24.
650 _aİngiliz Dili.
942 _2ddc
_cBK
999 _c7659
_d7659